| 000 | 00717nam0a22002531 4500 | ||
|---|---|---|---|
| 001 | RU\NLR\INFOCOMM\LIB\12793 | ||
| 005 | 20250617205030.0 | ||
| 035 | _a(NLR Aleph) 004282889 | ||
| 090 |
_a2372126 _c2372126 |
||
| 100 | _a20020111d1930 |||y0rusy50 ca | ||
| 101 | 1 |
_afin _cund |
|
| 102 | _aRU | ||
| 105 | _aa ||||000ay | ||
| 200 | 1 |
_aTaistelutehtävät yöllä _eSuomennos _fK. Schildbach |
|
| 210 |
_aL. _aPetroskoi _c"Kirja" _d1930 |
||
| 215 |
_a64 стр. _cкарт. _d18 см |
||
| 541 | 0 | _a(Боевые действия ночью) | |
| 700 | 1 |
_aSchildbach _bK. _4070 |
|
| 801 | 1 |
_aRU _bInfoComm _c20020111 |
|
| 801 | 0 |
_aRU _bNLR _gPSBO |
|
| 852 |
_aNLR _bН _j24-9/445 |
||
| 942 | _cBOOK | ||
| 980 | _aNB | ||